000 00606nam a2200217Ia 4500
005 20260429112021.0
008 260429s9999||||xx |||||||||||||| ||und||
020 _a9781032499048
041 _aEnglish
082 _a306.766
_bRYA
100 _aRyan-Flood, Róisín
245 0 _aQueering desire :
_blesbians, gender and subjectivity /
_cRóisín Ryan-Flood
250 _a1st ed.
260 _aNew York :
_bRoutledge,
_c2024.
300 _axxvii, 368 p.; pbk
650 _a Gender studies
650 _a Queer theory
650 _aLesbian studies
700 _a Murphy, Amy Tooth
942 _cTB
999 _c51907
_d51907